[Event "LTU-chT"]
[Site "Lithuania"]
[Date "2017.03.18"]
[Round "6.8"]
[White "Jaskunaite, Areta"]
[Black "Barsciauskas, Gintautas"]
[Result "1/2-1/2"]
[WhiteElo "1556"]
[BlackElo "1619"]
[PlyCount "105"]
[EventDate "2017.01.28"]
[EventType "team-swiss"]
[EventRounds "7"]
[EventCountry "LTU"]
[SourceTitle "EXT 2018"]
[Source "ChessBase"]
[SourceDate "2017.10.13"]
[SourceVersion "1"]
[SourceVersionDate "2017.10.13"]
[SourceQuality "1"]
[WhiteTeam "Vilkaviskis Sirvinta"]
[BlackTeam "Klaipeda"]
[WhiteTeamCountry "LTU"]
[BlackTeamCountry "LTU"]

1. d4 d5 2. Nf3 Nf6 3. Bf4 e6 4. e3 c6 5. c3 Bd6 6. Ne5 0-0 7. Nd2 Qe7 8. Be2 Re8 9. 0-0 Nbd7 10. Nd3 e5 11. Bg3 Ne4 12. Nxe4 dxe4 13. Nc1 f5 14. Bc4+ Kh8 15. Ne2 Rf8 16. dxe5 Nxe5 17. Qd4 Nxc4 18. Qxc4 Bxg3 19. hxg3 Be6 20. Qa4 a5 21. Rfd1 Qc7 22. Nf4 Bf7 23. Rd2 b5 24. Qc2 Rad8 25. Rad1 a4 26. b3 Rxd2 27. Rxd2 Ra8 28. Qd1 Qe5 29. Rd8+ Rxd8 30. Qxd8+ Qe8 31. Qxe8+ Bxe8 32. bxa4 bxa4 33. a3 Bf7 34. f3 Bd5 35. Kf2 Kg8 36. Ne2 c5 37. Nf4 Bc4 38. Ke1 Kf7 39. Nh3 Kf6 40. Nf2 Bd5 41. Ke2 Ke5 42. Nd1 Bc4+ 43. Ke1 Bb3 44. Nb2 Kf6 45. Kf2 Kg5 46. Kg1 h5 47. Kh2 c4 48. Kh3 Kh6 49. f4 g5 50. Kh2 h4 51. Kh3 gxf4 52. gxf4 Kh5 53. g3 1/2-1/2

[Event "LTU-chT"]
[Site "Lithuania"]
[Date "2017.02.19"]
[Round "5.10"]
[White "Vainauskas, Haroldas"]
[Black "Jaskunaite, Areta"]
[Result "1-0"]
[WhiteElo "1284"]
[BlackElo "1556"]
[PlyCount "61"]
[EventDate "2017.01.28"]
[EventType "team-swiss"]
[EventRounds "7"]
[EventCountry "LTU"]
[SourceTitle "CBM 176 Extra"]
[Source "ChessBase"]
[SourceDate "2017.03.02"]
[SourceVersion "1"]
[SourceVersionDate "2017.03.02"]
[SourceQuality "1"]
[WhiteTeam "Klaipeda II"]
[BlackTeam "Vilkaviskis Sirvinta"]
[WhiteTeamCountry "LTU"]
[BlackTeamCountry "LTU"]

1. d4 d5 2. Bf4 e6 3. Nf3 c5 4. e3 Nc6 5. c3 Bd6 6. Bg3 Nf6 7. Bd3 0-0 8. Nbd2 h6 9. Qe2 Re8 10. 0-0-0 c4 11. Bc2 b5 12. Bxd6 Qxd6 13. e4 Qd8 14. e5 Nd7 15. g4 b4 16. g5 hxg5 17. h4 bxc3 18. Bh7+ Kf8 19. Nxg5 Nxd4 20. Qh5 Nxe5 21. f4 Nd3+ 22. Bxd3 cxb2+ 23. Kb1 Ke7 24. Qxf7+ Kd6 25. Qxg7 Kc5 26. Ndf3 Nxf3 27. Nxf3 cxd3 28. Qc3+ Kd6 29. Qa3+ Kc7 30. Qb4 Qd6 31. Rc1+ 1-0

[Event "LTU Grand Prix-chT"]
[Site "Kaunas"]
[Date "2016.03.06"]
[Round "3.3"]
[White "Maciulaityte, Barbora"]
[Black "Jaskunaite, Areta"]
[Result "1/2-1/2"]
[WhiteElo "1335"]
[BlackElo "1556"]
[PlyCount "97"]
[EventDate "2016.02.21"]
[EventType "team-swiss"]
[EventRounds "6"]
[EventCountry "LTU"]
[SourceTitle "EXT 2017"]
[Source "ChessBase"]
[SourceDate "2016.10.25"]
[SourceVersion "1"]
[SourceVersionDate "2016.10.25"]
[SourceQuality "1"]

1. e4 e5 2. Nf3 Nf6 3. Nxe5 d6 4. Nf3 Nxe4 5. Nc3 Nf6 6. d4 Be7 7. Bd3 Bg4 8. 0-0 0-0 9. h3 Bh5 10. Bf4 Nbd7 11. Re1 a6 12. a4 Re8 13. Bg3 Nf8 14. Be2 Bg6 15. Nh4 Be4 16. Nxe4 Nxe4 17. Nf5 Nxg3 18. Nxg3 Bh4 19. Qd3 Qf6 20. c3 Ng6 21. Bg4 Nf4 22. Qf3 d5 23. Nh5 Nxh5 24. Bxh5 c6 25. Qxf6 Bxf6 26. Bg4 Kf8 27. Kf1 Re7 28. Rxe7 Bxe7 29. Re1 Bf6 30. Re2 h6 31. g3 a5 32. Bd7 Rd8 33. Bf5 Rb8 34. Bd7 g6 35. h4 Rd8 36. Bg4 Rd6 37. Re1 Be7 38. Be2 Ke8 39. Rb1 Rd8 40. f4 Kd7 41. b3 Kc7 42. Ke1 Bd6 43. Kd2 Re8 44. Rf1 Re7 45. g4 Re4 46. f5 gxf5 47. Rxf5 Rf4 48. Rxf4 Bxf4+ 49. Kd3 1/2-1/2

[Event "EU Amateur-ch (Women)"]
[Site "Kaunas"]
[Date "2015.08.12"]
[Round "5"]
[White "Marcinkeviciene, Egle"]
[Black "Jaskunaite, Areta"]
[Result "0-1"]
[WhiteElo "1665"]
[BlackElo "1569"]
[PlyCount "76"]
[EventDate "2015.08.09"]
[EventType "swiss"]
[EventRounds "9"]
[EventCountry "LTU"]
[SourceTitle "CBM 167 Extra"]
[Source "ChessBase"]
[SourceDate "2015.09.14"]
[SourceVersion "1"]
[SourceVersionDate "2015.09.14"]
[SourceQuality "1"]

1. d4 Nf6 2. c4 g6 3. Nc3 d5 4. cxd5 Nxd5 5. Nxd5 Qxd5 6. e3 Bg7 7. Nf3 0-0 8. Be2 c5 9. 0-0 Nc6 10. Bb5 Rd8 11. Bd3 Bf5 12. Bxf5 Qxf5 13. Bd2 cxd4 14. exd4 Nxd4 15. Nxd4 Rxd4 16. Qe2 Rd7 17. Rab1 Qd5 18. Be3 Qxa2 19. Qb5 Rad8 20. b3 Qxb1 21. Rxb1 Rd1+ 22. Rxd1 Rxd1+ 23. Qf1 Rxf1+ 24. Kxf1 a6 25. Ke2 Kf8 26. Kd3 b5 27. f4 Ke8 28. Bd4 Bxd4 29. Kxd4 Kd7 30. Kc5 Kc7 31. b4 h5 32. g3 Kb7 33. h3 Kc7 34. g4 hxg4 35. hxg4 Kb7 36. f5 gxf5 37. gxf5 Kc7 38. Kd5 Kb6 0-1

[Event "LTU-ch U18 Girls"]
[Site "Panevezys"]
[Date "2015.03.31"]
[Round "3"]
[White "Jaskunaite, Areta"]
[Black "Vanagaite, Giedre"]
[Result "1/2-1/2"]
[WhiteElo "1557"]
[BlackElo "1981"]
[PlyCount "32"]
[EventDate "2015.03.30"]
[EventType "tourn"]
[EventRounds "8"]
[EventCountry "LTU"]
[SourceTitle "EXT 2017"]
[Source "ChessBase"]
[SourceDate "2016.10.25"]
[SourceVersion "1"]
[SourceVersionDate "2016.10.25"]
[SourceQuality "1"]

1. d4 Nf6 2. c4 g6 3. Nc3 d5 4. Nf3 Bg7 5. Bg5 Ne4 6. cxd5 Nxc3 7. bxc3 Qxd5 8. e3 c5 9. Qb3 Qxb3 10. axb3 Nc6 11. Be2 h6 12. Bf4 0-0 13. 0-0 Be6 14. Nd2 Rfe8 15. Bf3 Bd7 16. Nc4 g5 1/2-1/2

[Event "LTU-chT"]
[Site "Lithuania"]
[Date "2015.03.29"]
[Round "7.9"]
[White "Misiuk, Ernest"]
[Black "Jaskunaite, Areta"]
[Result "1-0"]
[WhiteElo "1648"]
[BlackElo "1511"]
[PlyCount "61"]
[EventDate "2015.01.24"]
[EventType "team-tourn"]
[EventRounds "7"]
[EventCountry "LTU"]
[SourceTitle "EXT 2016"]
[Source "ChessBase"]
[SourceDate "2015.10.08"]
[SourceVersion "1"]
[SourceVersionDate "2015.10.08"]
[SourceQuality "1"]
[WhiteTeam "Vilnius VSF"]
[BlackTeam "Vilkaviskis Sirvinta"]
[WhiteTeamCountry "LTU"]
[BlackTeamCountry "LTU"]

1. d4 d5 2. c4 e6 3. Nc3 Nf6 4. Bg5 Bb4 5. e3 c6 6. Bxf6 Qxf6 7. Nf3 Nd7 8. Bd3 e5 9. cxd5 cxd5 10. dxe5 Bxc3+ 11. bxc3 Nxe5 12. Nxe5 Qxe5 13. Bb5+ Ke7 14. Rc1 Rd8 15. Qe2 Be6 16. 0-0 Rac8 17. Qb2 Rd6 18. Qb4 Qe4 19. Qa3 a6 20. Be2 Qe5 21. Rfd1 b5 22. Rd4 g5 23. Rcd1 f5 24. Bf3 Rcd8 25. Bxd5 Bxd5 26. Rxd5 Qe6 27. Qc5 Qxd5 28. Rxd5 Ke6 29. Re5+ Kd7 30. g3 f4 31. Qa7+ 1-0

[Event "LTU-ch sf (Women)"]
[Site "Vilnius"]
[Date "2015.02.22"]
[Round "6"]
[White "Rauckyte, Kamile"]
[Black "Jaskunaite, Areta"]
[Result "0-1"]
[WhiteElo "1361"]
[BlackElo "1511"]
[PlyCount "62"]
[EventDate "2015.02.18"]
[EventType "swiss"]
[EventRounds "8"]
[EventCountry "LTU"]
[SourceTitle "EXT 2018"]
[Source "ChessBase"]
[SourceDate "2017.10.13"]
[SourceVersion "1"]
[SourceVersionDate "2017.10.13"]
[SourceQuality "1"]

1. d4 b5 2. e4 a6 3. Nc3 Bb7 4. Bd3 e6 5. Nf3 c5 6. dxc5 Bxc5 7. Bf4 d6 8. 0-0 Nc6 9. Re1 e5 10. Bg5 Qd7 11. Nd5 h6 12. Be3 Ba7 13. Bb6 Bb8 14. Nh4 Nce7 15. Qf3 Qe6 16. Nxe7 Nxe7 17. Qg3 0-0 18. Nf5 Nxf5 19. exf5 Qf6 20. Re3 e4 21. Bxe4 Bxe4 22. Rxe4 d5 23. Qe3 dxe4 24. Bd4 Qxf5 25. Re1 Be5 26. Qc3 Rfc8 27. Qd2 Bxd4 28. Qxd4 Rxc2 29. Qe3 Rac8 30. Rb1 Qd5 31. h3 Qd3 0-1

[Event "LTU-ch sf (Women)"]
[Site "Vilnius"]
[Date "2015.02.21"]
[Round "5"]
[White "Meskenaite, Rugile"]
[Black "Jaskunaite, Areta"]
[Result "1/2-1/2"]
[WhiteElo "1537"]
[BlackElo "1511"]
[PlyCount "24"]
[EventDate "2015.02.18"]
[EventType "swiss"]
[EventRounds "8"]
[EventCountry "LTU"]
[SourceTitle "EXT 2018"]
[Source "ChessBase"]
[SourceDate "2017.10.13"]
[SourceVersion "1"]
[SourceVersionDate "2017.10.13"]
[SourceQuality "1"]

1. e4 e5 2. Nf3 Nc6 3. d4 exd4 4. Bc4 g6 5. Nxd4 Bg7 6. Be3 d6 7. Nc3 Nge7 8. 0-0 0-0 9. f4 Nxd4 10. Bxd4 Bxd4+ 11. Qxd4 Nc6 12. Qd2 Be6 1/2-1/2

[Event "LTU-chT"]
[Site "Lithuania"]
[Date "2015.02.15"]
[Round "4.8"]
[White "Jaskunaite, Areta"]
[Black "Butvilas, Aistis"]
[Result "1-0"]
[WhiteElo "1511"]
[BlackElo "1616"]
[PlyCount "63"]
[EventDate "2015.01.24"]
[EventType "team-tourn"]
[EventRounds "7"]
[EventCountry "LTU"]
[SourceTitle "EXT 2016"]
[Source "ChessBase"]
[SourceDate "2015.10.08"]
[SourceVersion "1"]
[SourceVersionDate "2015.10.08"]
[SourceQuality "1"]
[WhiteTeam "Vilkaviskis Sirvinta"]
[BlackTeam "Kaunas Margiris II"]
[WhiteTeamCountry "LTU"]
[BlackTeamCountry "LTU"]

1. d4 d5 2. e3 c6 3. Bd3 Nf6 4. Nd2 e6 5. Ngf3 Nbd7 6. c3 Bd6 7. e4 dxe4 8. Nxe4 Nxe4 9. Bxe4 c5 10. 0-0 Nf6 11. Bc2 a6 12. dxc5 Bxc5 13. Qxd8+ Kxd8 14. Bg5 h6 15. Bf4 Nd5 16. Be5 f6 17. Bd4 Bd6 18. Rad1 Ke7 19. Rfe1 Rd8 20. Bb3 Nf4 21. Bb6 Rh8 22. Ba4 e5 23. Rd2 Ne6 24. Nh4 Nf8 25. Red1 g5 26. Nf3 Bb8 27. Rd8 Ng6 28. Rxh8 Nxh8 29. Rd8 Ba7 30. Re8+ Kf7 31. Bxa7 Rxa7 32. Rxc8 1-0

[Event "Panevezys op 27th"]
[Site "Panevezys"]
[Date "2014.09.11"]
[Round "8"]
[White "Urbonaviciute, Zivile"]
[Black "Jaskunaite, Areta"]
[Result "1/2-1/2"]
[WhiteElo "1851"]
[BlackElo "1499"]
[PlyCount "76"]
[EventDate "2014.09.05"]
[EventType "swiss"]
[EventRounds "9"]
[EventCountry "LTU"]
[SourceTitle "CBM 162 Extra"]
[Source "ChessBase"]
[SourceDate "2014.10.17"]
[SourceVersion "1"]
[SourceVersionDate "2014.10.17"]
[SourceQuality "1"]

1. e4 e5 2. Nf3 Nc6 3. d4 exd4 4. Nxd4 Bb4+ 5. c3 Bc5 6. Be3 Bb6 7. Nd2 Nf6 8. Nf5 0-0 9. Bxb6 axb6 10. Bd3 d5 11. Ng3 dxe4 12. Ndxe4 Re8 13. 0-0 Be6 14. Qc2 h6 15. b3 Bd5 16. Rfd1 Be6 17. h3 Qe7 18. Re1 Nxe4 19. Bxe4 Qg5 20. Qc1 Qxc1 21. Rexc1 Ra7 22. Bf5 Bxf5 23. Nxf5 Re2 24. a4 Ra8 25. Re1 Rae8 26. Kf1 R2e5 27. Ne3 Kf8 28. Red1 Rd8 29. Rxd8+ Nxd8 30. Rd1 Ke8 31. Nd5 Ne6 32. b4 Re4 33. Rd3 f6 34. Re3 Rxe3 35. Nxe3 Ng5 36. Nd5 Kd7 37. Ke2 Ne4 38. Ke3 f5 1/2-1/2

[Event "Palanga Baltija op-A"]
[Site "Palanga"]
[Date "2014.06.20"]
[Round "7"]
[White "Jaskunaite, Areta"]
[Black "Sinauridze, Simons"]
[Result "0-1"]
[WhiteElo "1497"]
[BlackElo "1731"]
[PlyCount "76"]
[EventDate "2014.06.16"]
[EventType "swiss"]
[EventRounds "9"]
[EventCountry "LTU"]
[SourceTitle "CBM 161 Extra"]
[Source "ChessBase"]
[SourceDate "2014.08.29"]
[SourceVersion "1"]
[SourceVersionDate "2014.08.29"]
[SourceQuality "1"]

1. d4 g6 2. c3 Bg7 3. Nf3 d6 4. e3 Nf6 5. Bd3 Nbd7 6. 0-0 0-0 7. Re1 e5 8. Bc2 e4 9. Nfd2 d5 10. c4 c6 11. Nc3 Nb6 12. c5 Nbd7 13. b4 Nh5 14. Rb1 f5 15. Ne2 Qh4 16. Nf1 Ndf6 17. Neg3 g5 18. Qe2 f4 19. Nxh5 Nxh5 20. Bd1 f3 21. Qc2 Qg4 22. Ng3 Nxg3 23. fxg3 Qe6 24. Rf1 g4 25. a4 Bd7 26. b5 Rab8 27. Rf2 h5 28. Bd2 Bh6 29. Rb2 Bg5 30. Qc1 Qh6 31. Bb3 Kg7 32. Ba5 Rbc8 33. b6 a6 34. Rbd2 Rh8 35. Qc2 h4 36. Rf1 hxg3 37. hxg3 Qh2+ 38. Kf2 Qxg2+ 0-1

[Event "Palanga Baltija op-A"]
[Site "Palanga"]
[Date "2014.06.17"]
[Round "2"]
[White "Jakaityte, Ruta"]
[Black "Jaskunaite, Areta"]
[Result "1-0"]
[WhiteElo "1958"]
[BlackElo "1497"]
[PlyCount "61"]
[EventDate "2014.06.16"]
[EventType "swiss"]
[EventRounds "9"]
[EventCountry "LTU"]
[SourceTitle "CBM 161 Extra"]
[Source "ChessBase"]
[SourceDate "2014.08.29"]
[SourceVersion "1"]
[SourceVersionDate "2014.08.29"]
[SourceQuality "1"]

1. e4 e5 2. Nf3 Nc6 3. d4 exd4 4. Nxd4 Bb4+ 5. c3 Bc5 6. Be3 Bb6 7. Bc4 Nf6 8. Nd2 0-0 9. 0-0 d5 10. exd5 Nxd5 11. Nxc6 bxc6 12. Bxb6 axb6 13. Re1 Be6 14. Nf3 Qf6 15. Ne5 Qg5 16. Qf3 Rad8 17. Nxc6 Rd6 18. Re5 Qh6 19. Bxd5 Bxd5 20. Ne7+ Kh8 21. Rxd5 Rf6 22. Rf5 Rd8 23. Rxf6 Qxf6 24. Qxf6 gxf6 25. Nf5 Rd5 26. g4 h5 27. h3 Kh7 28. Kg2 Re5 29. Kf3 hxg4+ 30. hxg4 Rd5 31. Rh1+ 1-0

[Event "Palanga Baltija op-A"]
[Site "Palanga"]
[Date "2014.06.17"]
[Round "3"]
[White "Jaskunaite, Areta"]
[Black "Zuj Zaikovskis, Nikita"]
[Result "0-1"]
[WhiteElo "1497"]
[BlackElo "1759"]
[PlyCount "114"]
[EventDate "2014.06.16"]
[EventType "swiss"]
[EventRounds "9"]
[EventCountry "LTU"]
[SourceTitle "CBM 161 Extra"]
[Source "ChessBase"]
[SourceDate "2014.08.29"]
[SourceVersion "1"]
[SourceVersionDate "2014.08.29"]
[SourceQuality "1"]

1. d4 d5 2. Nf3 e6 3. Bf4 Nf6 4. h3 Bd6 5. Be5 0-0 6. Nbd2 c5 7. e3 b6 8. c3 Ba6 9. Bxa6 Nxa6 10. Qa4 Nb8 11. 0-0 Ne8 12. Rfe1 f6 13. Bxd6 Nxd6 14. e4 Qd7 15. Qb3 c4 16. Qc2 Nc6 17. Re2 Nb5 18. Rae1 Nc7 19. Nf1 b5 20. Ne3 a5 21. exd5 exd5 22. Qf5 Qf7 23. Qc2 Qd7 24. Qf5 Qf7 25. Qg4 f5 26. Qf4 Qd7 27. Qh4 h6 28. Qh5 Qf7 29. Qh4 Rae8 30. Qf4 Qd7 31. Nf1 Re4 32. Qh2 Rfe8 33. Ng3 Rxe2 34. Rxe2 f4 35. Rxe8+ Qxe8 36. Nf5 Qe4 37. Ng3 fxg3 38. Qxg3 Ne8 39. Kh2 Qe6 40. Nd2 Nf6 41. b3 Ne4 42. Qe3 Qe7 43. f3 Nxd2 44. Qxd2 Nd8 45. bxc4 bxc4 46. g3 Nf7 47. h4 Nd6 48. a4 Nf5 49. Kg2 Qe3 50. Qc2 Qd3 51. Qb2 Ne3+ 52. Kh2 Qc2+ 53. Qxc2 Nxc2 54. Kh3 Na3 55. Kg2 Nb1 56. Kf2 Nxc3 57. Ke1 Nxa4 0-1